| 000 | 00000nam##2200000za#4500 |
| 001 | 9.605682 |
| 003 | CaOODSP |
| 005 | 20220623130826 |
| 007 | cr ||||||||||| |
| 008 | 150406|2008||||xxc|||||o f|0| 0 fre|d |
| 040 | |aCaOODSP|bfre |
| 043 | |an-cn--- |
| 086 | 1 |aH117-5/27-2008F-PDF |
| 110 | 1 |aCanada. |bInstitut canadien d'information sur la santé. |
| 245 | 10|aDe l'information pour une intervention de qualité : |h[ressource électronique]|bsoins aux pensionnaires de centres de soins infirmiers présentant des symptômes comportementaux |
| 260 | |aOttawa - Ontario : |bInstitut canadien d'information sur la santé |cMars 2008. |
| 300 | |a23p.|bfigures, graphiques, références, tableaux |
| 490 | 1 |aAnalyse en bref |
| 590 | |a13-12-Supp|b2013-05-10 |
| 775 | 08|tCaring for nursing home residents with behavioural symptoms : |w(CaOODSP)9.576561 |
| 830 | #0|aAnalyse en bref (Statistique Canada)|w(CaOODSP)9.503377 |
| 856 | 40|ahttp://publications.gc.ca|qPDF|s227 Ko|uhttps://publications.gc.ca/collections/collection_2013/icis-cihi/H117-5-27-2008-fra.pdf |